Kliknij regiony Francji na mapie - Statystyki

Ogólne statystyki
  • Ten quiz został rozwiązany 70 razy
  • Średni wynik to 9 z 13
Odpowiedzi na mapie
Odpowiedzi zakodowano w zielono-czerwonej skali na mapie do tego quizu, zgodnie z poniższymi procentami.
 
Statystyki odpowiedzi
Odpowiedź % Poprawnych
Korsyka
89%
Normandia
85%
Bretania
83%
Prowansja-Alpy-Lazurowe Wybrzeże
78%
Region Centralny-Dolina Loary
78%
Owernia-Rodan-Alpy
74%
Grand Est
72%
Île-de-France
72%
Burgundia-Franche-Comté
59%
Nowa Akwitania
59%
Hauts-de-France
54%
Oksytania
52%
Kraj Loary
50%
Nie znaleziono quizów pasujących do podanych kryteriów
Rozkład punktacji
Procent ludzi z każdym wynikiem
Percentyl według liczby udzielonych odpowiedzi
Twoja historia wyników
Nie rozwiązałeś tego quizu